000 01271cam a22002654a 4500
001 000516300
003 AM-YeHGA
005 20250617135020.0
008 030107s2003 mdu||| ||b||||001|0|eng|d
020 _a074251479X (alk. paper)
040 _aAM-YeHGA
041 0 _aeng
042 _apcc
043 _an-us---
100 1 _aKrimsky, Sheldon.
245 1 0 _aScience in the private interest :
_bHas the lure of profits corrupted biomedical research? /
_cSheldon Krimsky.
260 _aLanham :
_bRowman & Littlefield Publishers,
_c2003.
300 _axiv, 247 p. ;
_c24 cm.
504 _aIncludes bibliogr. references and index.
505 0 _aStories of the unholy alliance -- University-industry collaborations -- Knowledge as property -- The changing ethos of science -- The redemption of federal advisory committees -- Professors incorporated -- Conflicts of interest -- A question of bias -- The scientific journals -- The demise of public science -- Prospects for a new moral sensibility in academia -- Conclusion: Reinvesting in public interest science.
650 0 _aMedicine
_xResearch
_zUnited States
_xFinance.
650 0 _aAcademic-industrial collaboration
_zUnited States.
650 0 _aBiotechnology industries
_zUnited States.
090 _c193597
999 _c192127
_d192127